000 01112namaa2200313 i 4500
003 EG-GICUC
005 20260108114822.0
008 260106s2005 ua |||jr|||| 000 0 ara d
017 _a2005 / 2934
_bدار الكتب والوثائق القومية( مصر)
040 _aEG-GiCUC
_bara
_cEG-GiCUC
_dEG-GiCUC
_erda
082 0 4 _221
_a323
_bR224
092 0 4 _221
_a323
_bR224
099 _a323 R224
100 1 _aالرشيدى، أحمد
_eمؤلف.
245 1 _aحقوق الإنسان نحو مدخل إلى وعى ثقافى /
_cأحمد الرشيدى.
264 _aالقاهرة(مصر) :
_bالهيئة العامة لقصور الثقافة،
_c2005.
300 _a366 صفحة ؛
_c20 سم
336 _2rdacontent
_atext
337 _2rdamedia
_aUnmediated
338 _2rdacarrier
_avolume
490 _aإصدارات خاصة
504 _a.
541 _aد. جابر عصفور ؛
_bالقاهرة ؛
_cإهداء ؛
_d2024.
650 1 7 _aحقوق الانسان
_2qrmak
650 1 7 _aالحقوق المدنية
_2qrmak
651 1 _2qrmak
905 _aAya
942 _2ddc
_cBK
_e21
_n0
999 _c177467
_d177467